| 000 | 00412nam a2200157Ia 4500 | ||
|---|---|---|---|
| 008 | 240829s2004 xx 000 0 und d | ||
| 041 | _aeng | ||
| 082 | _a615.53 | ||
| 100 | _aDR. SALUNKHE R | ||
| 245 | _aTHE STUDY OF SHEFALIPATRAY KWATH IN GRUDHRASI | ||
| 250 | _a1 | ||
| 260 |
_a2004 _aPUNE _bN.D. |
||
| 300 | _a200p | ||
| 650 | _aKAYA-CHIKITSA | ||
| 906 | _aTHE STUDY OF SHEFALIPATRAY KWATH IN GRUDHRASI | ||
| 999 |
_c1183064 _d1183064 |
||